Światowy ranking FIFA z dnia 2 września 2009 roku. - Statystyki

Ogólne statystyki
  • Ten quiz został rozwiązany 164 razy
  • Średni wynik to 16 z 25
Statystyki odpowiedzi
# KRAJ PUNKTY % Poprawnych
7 Argentyna 1113
97%
3 Niemcy 1186
94%
1 Hiszpania 1588
92%
9 Francja 1040
90%
16 Portugalia 880
85%
4 Włochy 1186
85%
6 Anglia 1127
83%
2 Holandia 1376
83%
5 Rosja 1129
83%
10 USA 974
77%
23 Meksyk 835
73%
8 Chorwacja 1101
69%
24 Ukraina 829
68%
17 Czechy 870
65%
11 Grecja 971
65%
14 Szwajcaria 898
65%
20 Chile 846
63%
15 Dania 892
61%
12 Serbia 916
50%
13 Australia 907
49%
25 Rumunia 827
38%
22 Paragwaj 842
30%
19 WKS 852
28%
18 Bułgaria 860
27%
21 Izrael 844
8%
Nie znaleziono quizów pasujących do podanych kryteriów
Rozkład punktacji
Procent ludzi z każdym wynikiem
Percentyl według liczby udzielonych odpowiedzi
Twoja historia wyników
Nie rozwiązałeś tego quizu